• 首页
  • 本馆介绍
  • 公告通知
  • 最新文献
  • 馆藏检索
  • 电子资源
  • 读者导购
  • 参考咨询
  • 我的图书馆
  • 登录
  • 详细信息显示
  • 放入我的书架
  • 预约/预借图书
  • 作者相关作品
  • 分类相关作品
  • 丛书相关作品
  • 出版社相关作品

书目信息

  • 表格格式
  • 工作单格式
  • 卡片格式
题名:
发扬艰苦奋斗的革命精神
    
 
作者: 苏蔚 著
分册:  
出版信息: 北京   中国青年出版社  1964
页数: 45页
开本: 19cm
丛书名:
单 册:
中图分类: D648.4
科图分类:
主题词: 艰苦奋斗--青年读物
电子资源:
ISBN: T7009.197
000 00684cam0 2200241 450
001 0105495363
005 20070126103425.0
010    @aT7009.197@dCNY0.12
091    @aT7009.197@dCNY0.12
100    @a19951222d1964 em y0chiy0110 ea
101 0  @achi
102    @aCN@b110000
105    @ay z 000yy
106    @ar
200 1  @a发扬艰苦奋斗的革命精神@9Fa Yang Jian Ku Fen Dou De;Di Ge;Ji Ming Jing Shen @f苏蔚著@b专著
210    @a北京@c中国青年出版社@d1964
215    @a45页@d19cm
300    @a农村青年修养读物
606 0  @a艰苦奋斗@j青年读物
690    @aD648.4@v3
701  0 @a苏蔚@9su wei@4著
801  0 @aCN@b上海图书馆@c19970403
905    @aBZT@dD648@e937@f5@sD648/937
    
    发扬艰苦奋斗的革命精神/苏蔚著.-北京:中国青年出版社,1964
    45页;19cm
    农村青年修养读物
    
    ISBN T7009.197:CNY0.12
    
●
相关链接 在五车中查询图书 在当当中查询图书 在豆瓣中查询图书


正题名:发扬艰苦奋斗的革命精神     索取号:D648/937         预约/预借

序号 登录号 条形码 馆藏地/架位号 状态 备注
1 2000043846   2000043846   旧书回溯/ [索取号:D648/937] 在馆    
2 2000094297   2000094297   旧书回溯/ [索取号:D648/937] 在馆    
3 2000094298   2000094298   旧书回溯/ [索取号:D648/937] 在馆    
4 2000147326   2000147326   旧书回溯/ [索取号:D648/937] 在馆    
5 2000147327   2000147327   旧书回溯/ [索取号:D648/937] 在馆    
山东省滨州职业学院图书馆 欢迎您!
大连网信软件有限公司© 版权所有